Loading...
| Fine Arts - Classical Music | 0 | 6 | 0 | 2 | 60 | 56 | 90.17 | 1 | 5 | 0.00 | 0.00 |
| History - Other | 0 | 5 | 0 | 2 | 50 | 53 | 90.40 | 2 | 5 | 0.00 | 0.00 |
| Science - Other | 0 | 5 | 0 | 0 | 50 | 50 | 88.00 | 2 | 5 | 0.00 | 0.00 |
| Science - Chemistry | 0 | 4 | 0 | 1 | 40 | 69 | 87.75 | 1 | 4 | 0.00 | 0.00 |
| Science - Biology | 0 | 4 | 1 | 1 | 35 | 81 | 95.00 | 1 | 4 | 0.00 | 0.00 |
| Science - Physics | 0 | 3 | 1 | 1 | 25 | 61 | 93.33 | 0 | 3 | 0.00 | 0.00 |
| Current Events | 0 | 2 | 0 | 0 | 20 | 62 | 73.00 | 1 | 2 | 0.00 | 0.00 |
| History - American | 0 | 2 | 0 | 1 | 20 | 83 | 92.00 | 1 | 2 | 0.00 | 0.00 |
| Other Academic | 0 | 2 | 0 | 1 | 20 | 53 | 78.00 | 2 | 2 | 0.00 | 0.00 |
| Religion | 0 | 2 | 0 | 1 | 20 | 110 | 121.00 | 0 | 2 | 0.00 | 0.00 |
| Philosophy | 0 | 2 | 1 | 1 | 15 | 95 | 125.50 | 0 | 2 | 0.00 | 0.00 |
| Fine Arts - Other | 0 | 2 | 1 | 0 | 15 | 102 | 108.50 | 0 | 2 | 0.00 | 0.00 |
| Literature - British | 0 | 1 | 0 | 0 | 10 | 143 | 143.00 | 0 | 0 | 0.00 | 0.00 |
| Fine Arts - Painting and Sculpture | 0 | 1 | 0 | 1 | 10 | 149 | 149.00 | 0 | 0 | 0.00 | 0.00 |
| History - European | 0 | 2 | 2 | 0 | 10 | 85 | 99.50 | 1 | 2 | 0.00 | 0.00 |
| History - World | 0 | 2 | 2 | 1 | 10 | 120 | 134.00 | 1 | 2 | 0.00 | 0.00 |
| Literature - American | 0 | 0 | 0 | 0 | 0 | 0.00 | 0 | 0 | 0.00 | 0.00 | |
| Mythology | 0 | 0 | 0 | 0 | 0 | 0.00 | 0 | 0 | 0.00 | 0.00 | |
| Literature - European | 0 | 0 | 0 | 0 | 0 | 0.00 | 0 | 0 | 0.00 | 0.00 | |
| Geography | 0 | 0 | 1 | 0 | -5 | 0.00 | 0 | 0 | 0.00 | 0.00 |